Il sesso e i rapporti amorosi /

Saved in:
Bibliografiske detaljer
Main Authors: Masters, William H. (Author), Johnson, Virginia E. (Author), Kolodny, Robert C. (Author)
Andre forfattere: Archer, Mary
Format: Bog
Sprog:italiensk
Udgivet: Milano : CDE, 1987
Fag:
Tags: Tilføj Tag
Ingen Tags, Vær først til at tagge denne postø!

MARC

LEADER 00000nam a22000007i 4500
001 IT\ICCU\MOD\0118974
003 ItRI
005 20250922105109.0
008 010330s1987 it |||||| ||||| |||||c
040 |b ita  |c ct 
041 7 |a ita  |2 ISO-639-2 
100 1 |a Masters, William H.  |0 IT\ICCU\CFIV\073716  |4 aut 
240 1 0 |a Masters and Johnson on sex and human loving  |9 Masters, William H. 
245 1 3 |a Il sesso e i rapporti amorosi /  |c William H. Masters, Virginia E. Johnson, Robert C. Kolodny. 
260 |a Milano :  |b CDE,  |c 1987 
300 |a 623 p. :  |b ill. ;  |c 23 cm. 
650 7 |a Sesso 
700 1 |a Johnson, Virginia E.  |0 IT\ICCU\CFIV\073717  |4 aut 
700 1 |a Kolodny, Robert C.  |0 IT\ICCU\CFIV\073718  |4 aut 
700 1 |a Archer, Mary 
942 |2 ddc  |c BK 
952 |0 0  |1 0  |2 ddc  |4 0  |6 B_SSA03MASWISES11  |7 0  |9 6486  |a MI  |b MI  |d 2007-04-27  |i 5342  |l 0  |o B-SSA03-MASWI-SES11  |p CDOM5342  |r 2025-07-13 16:28:00  |w 2025-07-13  |x ACQUISTO  |y BK 
981 1 |6 z01  |a i   |b xxxe  
982 1 |6 z01  |a n 
999 |c 5226  |d 5226